000 00461nam a22001697a 4500
003 NUST - PNEC
005 20170116181131.0
008 151006b xxu||||| |||| 00| 0 eng d
020 _a0070328048
040 _cLIBRARY
082 _a629.892 IOV
100 _913956
_aIovine, John
245 _aRobots, androids, and animatrons : 12 incredible projects you can build
_cJohn Iovine
260 _cc.1998
650 _913958
_aRobotics
_xMIS
942 _2ddc
_cBK
999 _c69958
_d69958